000 00573nam a2200205Ia 4500
003 OSt
005 20221007083217.0
006 a|||||r|||| 00| 0
007 ta
008 221006b |||||||| |||| 00| 0 eng d
024 _a10,017
037 _cReference Collections
040 _aFLL
_cFLL
_beng
041 _2eng
_aeng
100 _aChisum Donald S. Ed.
_9700462
245 0 _aInternational perspectives on the legal interpretation of patent claims
300 _a338p
_ccm.
942 _cREF
_2CC
999 _c1169230
_d1169230